|
|
|
|
| LEADER |
00709cam a2200217 7i4500 |
| 001 |
0000017826 |
| 005 |
20151104090000.0 |
| 005 |
##20151104121200.0 |
| 003 |
##MY-KlINT |
| 020 |
# |
# |
|a 967656950X
|
| 039 |
# |
9 |
|y 201511041212
|z VLOAD
|
| 090 |
0 |
0 |
|a 658.3
|b MUM
|
| 100 |
1 |
# |
|a Mumtaz Begam Hj Abdul Kadir
|
| 245 |
1 |
0 |
|a Kualiti dalam pengurusan sumber manusia /
|c by Mumtaz Begam Hj Abdul Kadir, Norasiken Bakar dan Norhayatee Ismail.
|
| 260 |
# |
# |
|a Selangor:
|b Penerbit Fajar Bakti,
|c 2002.
|
| 300 |
# |
# |
|a vi,278p.:
|b ill.;
|c 24cm.
|
| 500 |
# |
# |
|a Includes bibliographical references and index
|
| 650 |
# |
0 |
|a Total quality management
|
| 650 |
# |
0 |
|a Personnel management
|
| 700 |
0 |
# |
|a Norasiken Bakar
|
| 700 |
0 |
# |
|a Norhayatee Ismail
|